000 00581nam a22001937a 4500
003 OSt
005 20210426081114.0
008 210215s1915 ||||| |||| 00| 0 eng d
040 _aeng
_beng
_cDLC
041 _aeng
080 _a821.111
_bC-77
100 _9890
_aCook, John
_eEditor
245 _aThe Dublin Book of Irish Verse 1728-1909
_c/ by: Hodges, Figgis and Co. Ltd
260 _aLondon
_bHodges, Figgis and Co. Ltd
_c1915
300 _a804 p.
650 0 _9247
_aEnglish literature
653 _aინგლისური ლიტერატურა
942 _2udc
_cBK
999 _c1392
_d1392